| Tag |
First Indicator |
Second Indicator |
Subfields |
| LEADER |
00000pam a2200000 i 4500 |
| 001 |
in00000362821 |
| 005 |
20151217153632.0 |
| 008 |
741209s1975 inua 00010 eng |
| 010 |
|
|
|a 74031333
|
| 020 |
|
|
|a 0672519674
|
| 035 |
|
|
|a (OCoLC)01144694
|
| 035 |
|
|
|9 ABN0488AM
|
| 040 |
|
|
|a DLC
|c DLC
|d UtOrBLW
|
| 049 |
|
|
|a TXAM
|c 1 [1431740], 2 [1111031]
|
| 050 |
0 |
0 |
|a TT212
|b C68
|
| 082 |
0 |
|
|a 739.27
|
| 100 |
1 |
|
|a Coyne, John.
|
| 245 |
1 |
4 |
|a The Penland School of Crafts book of jewelry making /
|c edited by John Coyne ; with photography by Evon Streetman.
|
| 264 |
|
1 |
|a Indianapolis :
|b Bobbs-Merrill,
|c [1975]
|
| 264 |
|
4 |
|c ©1975
|
| 300 |
|
|
|a 192 pages :
|b illustrations ;
|c 24 cm.
|
| 336 |
|
|
|a text
|b txt
|2 rdacontent
|
| 337 |
|
|
|a unmediated
|b n
|2 rdamedia
|
| 338 |
|
|
|a volume
|b nc
|2 rdacarrier
|
| 500 |
|
|
|a "A Rutledge book."
|
| 650 |
|
0 |
|a Jewelry making.
|
| 710 |
2 |
|
|a Penland School of Handicrafts.
|
| 999 |
|
|
|a MARS
|
| 999 |
f |
f |
|s 82f4da65-7d0f-3018-9be1-a8b0c5eff081
|i a9cb8778-a4ab-3ee2-bac2-c85db0e6e243
|t 0
|
| 952 |
f |
f |
|p ric
|a Texas A&M University
|b Rellis Campus
|c Joint Library Facility
|d Remote Storage
|t 0
|e TT212 C68
|h Library of Congress classification
|i unmediated -- volume
|m A14805660218
|
| 998 |
f |
f |
|a TT212 C68
|t 0
|l Remote Storage
|